Statistics for Countries Breakdown Puzzle #7

Click here to take the quiz!

General Stats

  • This quiz has been taken 1,111 times
  • The average score is 16 of 30

Answer Stats

Hint Answer % Correct
Honey makerBEE
97%
What Rapunzel lets downHAIR
95%
Singer CelineDION
91%
US Basketball org.NBA
85%
Game officialREF
83%
Citrus fruitLIME
80%
___ conditionerAIR
76%
BAHRAIN
73%
One of the Great LakesERIE
72%
Insect; listening deviceBUG
67%
Vermin; tattletaleRAT
64%
Aslan's realmNARNIA
63%
Muscat's countryOMAN
60%
Richard Burton's TaylorLIZ
57%
BELIZE
55%
FRANCE
54%
Mandela's party (abbv.)ANC
53%
Operatic songARIA
52%
ROMANIA
49%
Baby's bed (Brit.)COT
47%
ERITREA
44%
BELGIUM
42%
Rapper, ___ DefMOS
39%
1998 Apple computeriMAC
35%
Kipling's Gunga ___DIN
31%
CROATIA
23%
DOMINICA
16%
Custard tart, eg.FLAN
12%
FINLAND
10%
SAN MARINO
8%

Score Distribution

Percentile by Number Answered

Percent of People with Each Score

Your Score History

You have not taken this quiz